| 000 | 00928 a2200193 4500 | ||
|---|---|---|---|
| 003 | NUST | ||
| 005 | 20251125123818.0 | ||
| 040 | _cNust | ||
| 082 | _a621.382,MIR | ||
| 100 |
_aMirza, Asghar (TE-45/TCC-20) _9131496 |
||
| 245 |
_aUWB RF Front end system / _cNC Asghar Mirza, NC Usman Tariq , Capt Tariq Mahmood and Capt Mudassir Khan TE-45/TCC-20 |
||
| 260 |
_bRawalpindi _aMCS (NUST) _c2012 |
||
| 300 | _axii, 52 p.; | ||
| 505 | _aProject Overview (Page-1), Historical Overview and Fundamentals of Antenna (Page-3), Ultra Wide band Overview (Page-15), Micro Strip Patch Antenna (Page-18), Proposed Design and Simulation Results (Page-24), Wilkinson Power Divider (Page-36), Microwave Bandpass Filters (Page-40), Conclusion and Future Work (Page-50), Bibliography (Page-51). | ||
| 650 |
_aUG Project _9131132 |
||
| 651 |
_aTE-45/TCC-20 _9131497 |
||
| 700 |
_aSupervised by Asst Prof Zeeshan Zahid _9132059 |
||
| 942 |
_cPR _2ddc |
||
| 999 |
_c190670 _d190670 |
||